000 00805nam a22002890a 4500
001 UByD000400
003 AR-LpoUNG
005 20220513175448.0
008 220505s2008||||fr |||||||||||||||||fre d
020 _a9782213636832
040 _aAR-LpoUNG
_bspa
_cAR-LpoUNG
_eaacr
041 0 _afre
044 _afr
082 0 _a920 858mon
100 1 _aMorin, Edgar
245 1 0 _aMon chemin :
_bentretiens avec Djénane Kareh Tager
260 _aParís :
_bFayard,
_c2008.
300 _a361 p.
590 _bp. 136-137, contiene:
_aestampita recuerdo de la primera comunión de una persona, con fecha del 8 de diciembre de 1953.
650 4 _aBIOGRAFIAS
650 4 _aFILOSOFIA
650 4 _aFILOSOFO
650 4 _aFRANCIA
653 1 _aMORIN, EDGAR
905 _a58078
942 _cLIB
_2ddc
999 _c63085
_d63085